[Event "Speed Chess Championship 2020"]
[Site "Online"]
[Date "2020.11.08"]
[Round "1.25"]
[White "So, Wesley"]
[Black "Abdusattorov, Nodirbek"]
[Result "1-0"]
[WhiteElo "2816"]
[BlackElo "2662"]
[Annotator "ChessBase"]
[PlyCount "153"]
[EventDate "2020.10.31"]
[EventType "k.o."]
[SourceTitle "playchess.com"]
[Source "ChessBase"]
[SourceQuality "1"]
[TimeControl "60+1"]

1. e4 {[%emt 0:00:01]} c6 {[%emt 0:00:01]} 2. Nf3 {[%emt 0:00:00]} d5 {[%emt 0:00:00]} 3. d3 {[%emt 0:00:01]} Qc7 {[%emt 0:00:01]} 4. Nbd2 {[%emt 0:00:05]} g6 {[%emt 0:00:02]} 5. e5 {[%emt 0:00:03]} Bg4 {[%emt 0:00:01]} 6. d4 {[%emt 0:00:01]} Bg7 {[%emt 0:00:01]} 7. h3 {[%emt 0:00:01]} Bxf3 {[%emt 0:00:00]} 8. Nxf3 {[%emt 0:00:00]} e6 {[%emt 0:00:01]} 9. c3 {[%emt 0:00:02]} c5 {[%emt 0:00:01]} 10. Bb5+ {[%emt 0:00:03]} Nc6 {[%emt 0:00:00]} 11. O-O {[%emt 0:00:00]} Nge7 {[%emt 0:00:01]} 12. Be3 {[%emt 0:00:03]} O-O {[%emt 0:00:01]} 13. Re1 {[%emt 0:00:01]} a6 {[%emt 0:00:00]} 14. Bxc6 {[%emt 0:00:02]} Nxc6 {[%emt 0:00:03]} 15. Qd2 {[%emt 0:00:01]} cxd4 {[%emt 0:00:01]} 16. cxd4 {[%emt 0:00:00]} Rac8 {[%emt 0:00:01]} 17. h4 {[%emt 0:00:02]} Qa5 {[%emt 0:00:02]} 18. Rac1 {[%emt 0:00:07]} Qxd2 {[%emt 0:00:01]} 19. Bxd2 {[%emt 0:00:01]} Rfe8 {[%emt 0:00:02]} 20. h5 {[%emt 0:00:03]} f6 {[%emt 0:00:01]} 21. exf6 {[%emt 0:00:07]} Bxf6 {[%emt 0:00:01]} 22. hxg6 {[%emt 0:00:01]} hxg6 {[%emt 0:00:00]} 23. Be3 {[%emt 0:00:01]} Kf7 {[%emt 0:00:03]} 24. Rc3 {[%emt 0:00:03]} Na5 {[%emt 0:00:02]} 25. Rec1 {[%emt 0:00:01]} Rxc3 {[%emt 0:00:01]} 26. Rxc3 {[%emt 0:00:00]} Nc4 {[%emt 0:00:00]} 27. b3 {[%emt 0:00:01]} Nd6 {[%emt 0:00:03]} 28. Bf4 {[%emt 0:00:03]} Nb5 {[%emt 0:00:01]} 29. Rd3 {[%emt 0:00:03]} Rc8 {[%emt 0:00:01]} 30. Ne5+ {[%emt 0:00:00]} Kg7 {[%emt 0:00:02]} 31. Rg3 {[%emt 0:00:02]} g5 {[%emt 0:00:08]} 32. Bxg5 {[%emt 0:00:01]} Bxg5 {[%emt 0:00:00]} 33. Rxg5+ {[%emt 0:00:01]} Kf6 {[%emt 0:00:00]} 34. Rg6+ {[%emt 0:00:01]} Kf5 {[%emt 0:00:02]} 35. g4+ {[%emt 0:00:02]} Ke4 {[%emt 0:00:00]} 36. Rxe6 {[%emt 0:00:03]} Nxd4 {[%emt 0:00:01]} 37. Re7 {[%emt 0:00:00]} Kf4 {[%emt 0:00:06]} 38. Kg2 {[%emt 0:00:01]} Rc2 {[%emt 0:00:06]} 39. Kh3 {[%emt 0:00:04]} Rxa2 {[%emt 0:00:11]} 40. Nd3+ {[%emt 0:00:01]} Kg5 {[%emt 0:00:01]} 41. Re5+ {[%emt 0:00:01]} Kf6 {[%emt 0:00:01]} 42. g5+ {[%emt 0:00:01]} Kf7 {[%emt 0:00:03]} 43. Rxd5 {[%emt 0:00:02]} Ne6 {[%emt 0:00:00]} 44. f4 {[%emt 0:00:02]} Ra1 {[%emt 0:00:05]} 45. Kg4 {[%emt 0:00:03]} Rg1+ {[%emt 0:00:01]} 46. Kf3 {[%emt 0:00:01]} Rf1+ {[%emt 0:00:01]} 47. Kg3 {[%emt 0:00:01]} Ng7 {[%emt 0:00:02]} 48. Rd7+ {[%emt 0:00:01]} Kg8 {[%emt 0:00:04]} 49. Rxb7 {[%emt 0:00:04]} Nf5+ {[%emt 0:00:01]} 50. Kg4 {[%emt 0:00:01]} Ng7 {[%emt 0:00:07]} 51. Ne5 {[%emt 0:00:05]} Rg1+ {[%emt 0:00:00]} 52. Kf3 {[%emt 0:00:01]} Ne6 {[%emt 0:00:00]} 53. Rb8+ {[%emt 0:00:03]} Kg7 {[%emt 0:00:01]} 54. Rb7+ {[%emt 0:00:00]} Kg8 {[%emt 0:00:01]} 55. Ng6 {[%emt 0:00:01]} a5 {[%emt 0:00:05]} 56. Rb6 {[%emt 0:00:02]} Kf7 {[%emt 0:00:04]} 57. Ne5+ {[%emt 0:00:01]} Ke7 {[%emt 0:00:00]} 58. Ng6+ {[%emt 0:00:02]} Kf7 {[%emt 0:00:01]} 59. Ne5+ {[%emt 0:00:01]} Ke7 {[%emt 0:00:00]} 60. Ke4 {[%emt 0:00:00]} Rf1 {[%emt 0:00:03]} 61. Ng6+ {[%emt 0:00:03]} Kf7 {[%emt 0:00:01]} 62. Ne5+ {[%emt 0:00:01]} Ke7 {[%emt 0:00:00]} 63. Nd3 {[%emt 0:00:01]} Kf7 {[%emt 0:00:07]} 64. Ke5 {[%emt 0:00:02]} Ng7 {[%emt 0:00:02]} 65. Rf6+ {[%emt 0:00:02]} Kg8 {[%emt 0:00:01]} 66. Ra6 {[%emt 0:00:02]} Rf3 {[%emt 0:00:01]} 67. Ke4 {[%emt 0:00:02]} Rf1 {[%emt 0:00:01]} 68. Rxa5 {[%emt 0:00:01]} Ne6 {[%emt 0:00:00]} 69. Ra6 {[%emt 0:00:01]} Nc7 {[%emt 0:00:03]} 70. Rc6 {[%emt 0:00:02]} Ne8 {[%emt 0:00:01]} 71. Ne5 {[%emt 0:00:02]} Re1+ {[%emt 0:00:02]} 72. Kf5 {[%emt 0:00:01]} Rf1 {[%emt 0:00:01]} 73. Rc8 {[%emt 0:00:01]} Kf8 {[%emt 0:00:00]} 74. g6 {[%emt 0:00:01]} Ke7 {[%emt 0:00:00]} 75. Rxe8+ {[%emt 0:00:02]} Kxe8 {[%emt 0:00:01]} 76. g7 {[%emt 0:00:01]} Rg1 {[%emt 0:00:01]} 77. Kf6 {[%emt 0:00:00]} 1-0

[Event "Speed Chess Championship 2020"]
[Site "Online"]
[Date "2020.11.11"]
[Round "1.25"]
[White "Nepomniachtchi, Ian"]
[Black "Aronian, Levon"]
[Result "0-1"]
[WhiteElo "2784"]
[BlackElo "2781"]
[Annotator "TA"]
[PlyCount "60"]
[EventDate "2020.10.31"]
[EventType "k.o."]
[SourceTitle "playchess.com"]
[Source "ChessBase"]
[SourceQuality "1"]

{[%evp 14,60,-11,-20,0,-8,-5,-39,-26,-29,0,-8,59,50,116,-93,-88,-95,-93,-154,-135,-204,-224,-233,-139,-168,-181,-164,-162,-201,-64,-135,-93,-461,-186,-328,-178,-559,-197,-673,-662,-659,-670,-1417,-656,-6659,-5747,-29986,-29986]} 1. e4 e5 2. Nf3 Nc6 3. d4 exd4 4. Nxd4 Nf6 5. Nxc6 bxc6 6. e5 Qe7 7. Qe2 Nd5 8. h4 f6 {C45: Scotch Game.} 9. c4 Ba6 (9... Nb6 10. Rh3 fxe5 11. Nc3 d6 12. Bg5 Qe6 13. O-O-O Be7 14. Qe4 Qg6 15. Qxc6+ Bd7 16. Qxc7 Bxg5+ 17. hxg5 Bxh3 18. c5 O-O 19. cxb6 Qxg5+ {0-1 (44) Nepomniachtchi,I (2751)-Aronian,L (2789) chess.com INT 2017}) 10. Rh3 fxe5 {Black is slightly better.} 11. Bg5 Nf6 12. Re3 d6 (12... O-O-O $11) 13. Qf3 $1 $14 {[%cal Rf3c6][%mdl 1024] [#] White has compensation.} Qd7 $146 (13... e4 $14 14. Qd1 Bb7) ({Predecessor:} 13... e4 14. Qd1 d5 15. Nc3 Bb7 16. cxd5 cxd5 17. Bxf6 Qxf6 18. Nxd5 Bxd5 19. Bb5+ Bc6 20. Rxe4+ {1-0 (35) Nepomniachtchi,I (2784)-Ding,L (2791) chess24.com INT 2020}) 14. Nc3 $2 {[#]} (14. Bd3 $16 Kf7 15. Bf5) 14... Be7 $17 15. Bd3 O-O 16. Bf5 ({White should play} 16. Qe2) 16... Qe8 17. Be6+ (17. b3 $17) 17... Kh8 $19 {Strongly threatening ...Nd5.} 18. Qh3 Bc8 (18... h6 $19 19. Bxf6 Rxf6) 19. O-O-O Bxe6 20. Qxe6 h6 21. f4 exf4 (21... hxg5 $19 22. hxg5 Nh5) 22. Re2 (22. Bxf4 $15 Ng8 23. g3) 22... Bd8 23. Qf5 $2 {[%mdl 8192] This costs White the game.} (23. Qxe8 $17 {is tougher.} Nxe8 24. Bxd8 Rxd8 25. Re7) 23... Qd7 (23... Qh5 $142 24. Qxf4 hxg5 25. Qxg5 Qxg5+ 26. hxg5 Ng4) 24. Qd3 (24. Qxd7 {is the only way for White.} Nxd7 25. Bxd8 Raxd8 26. Re7) 24... Nh7 (24... f3 $142 25. gxf3 hxg5 26. hxg5 Nh7 {[%mdl 64] Discovered Attack}) 25. Ne4 $2 (25. Bxd8 {was the crucial defense.} Raxd8 26. Qf3) 25... Qf5 $2 ({Weaker is} 25... Bxg5 26. hxg5 hxg5 27. Nc5 $17) (25... hxg5 26. hxg5 Nxg5) 26. Rf1 $2 (26. Bxd8 Raxd8 27. Qf3) 26... hxg5 27. hxg5 Bxg5 {And now ...f3+ would win.} 28. Rh1 Bh6 {Hoping for ...f3+.} 29. Qc3 f3+ {[%mdl 64] [#] Discovered Attack} 30. Rxh6 fxe2 {Weighted Error Value: White=1.59/Black=1.06} 0-1

[Event "Speed Chess Championship 2020"]
[Site "Online"]
[Date "2020.11.02"]
[Round "1.25"]
[White "Vachier-Lagrave, Maxime"]
[Black "Nihal Sarin"]
[Result "1-0"]
[WhiteElo "2784"]
[BlackElo "2620"]
[Annotator "TA"]
[PlyCount "63"]
[EventDate "2020.10.31"]
[EventType "k.o."]

{[%evp 10,63,44,40,54,50,55,50,56,45,47,61,62,54,47,50,58,34,57,49,79,26,66,67,119,112,154,150,197,124,134,103,100,100,159,125,151,158,159,136,246,228,395,376,935,919,934,898,1015,1006,3085,2336,7487,29957,5808,5614]} 1. e4 g6 2. d4 Bg7 3. Nf3 d6 4. Bc4 e6 5. Bb3 Ne7 6. O-O Nd7 {B06: Modern Defence.} 7. c3 h6 8. Re1 a6 {White is slightly better.} 9. Nbd2 {[%cal Bb1d2,Bd2f1,Bf1g3][%mdl 32]} b6 10. Nf1 Bb7 11. Ng3 O-O {11...e5 is the recent fashion. Played by Hikaru Nakamura in October 2020.} 12. h3 {[#]} c5 $146 ({Predecessor:} 12... Kh7 13. Bc2 c5 14. Bf4 e5 15. Be3 Qc7 16. Rc1 Rad8 17. Qe2 Nc6 18. Bb1 exd4 19. cxd4 {1-0 (28) Bruzon Batista,L (2653)-Alvarez Pedraza,A (2496) Pamplona 2010}) 13. Be3 Rc8 14. Qd2 Kh7 15. Rac1 (15. Rad1 $16) 15... d5 16. e5 cxd4 (16... f6 $14) 17. cxd4 $16 Nc6 18. Bc2 $36 {[%mdl 2048] White is in control.} Qe7 19. a3 (19. h4 $18) 19... Na5 20. h4 Nc4 {[%mdl 64] [#] Double Attack} 21. Qe2 $1 Nxb2 ({Black should try} 21... Kg8) 22. h5 Nc4 23. hxg6+ fxg6 24. Nh5 Nxe3 ({But not} 24... Qxa3 $2 25. Nh4 $18) (24... Nxa3 $16 {might work better.} 25. Bd3 Rfd8) 25. fxe3 $18 Rxf3 $2 ({Much weaker is} 25... Qxa3 26. Nh4 $18) (25... Kg8) 26. Qxf3 Rxc2 $2 (26... Nf8 27. Bd3 Rc6 28. Rxc6 Bxc6 29. Nxg7 Kxg7 30. Bxa6 Bd7) 27. Rxc2 gxh5 28. Rc7 Ba8 29. Rec1 a5 30. Ra7 Qxa3 {[#]} 31. Rcc7 $1 {[%mdl 512]} Bc6 32. Rxc6 {Av CentiPawn Loss W=814/B=800. Weighted=214/609} 1-0

[Event "Speed Chess Championship 2020"]
[Site "Online"]
[Date "2020.11.04"]
[Round "1.25"]
[White "Firouzja, Alireza"]
[Black "Fedoseev, Vladimir"]
[Result "1-0"]
[WhiteElo "2749"]
[BlackElo "2676"]
[Annotator "ChessBase"]
[PlyCount "133"]
[EventDate "2020.10.31"]
[EventType "k.o."]
[SourceTitle "playchess.com"]
[Source "ChessBase"]
[SourceQuality "1"]
[TimeControl "60+1"]

1. e4 {[%emt 0:00:01]} c6 {[%emt 0:00:01]} 2. d4 {[%emt 0:00:01]} d5 {[%emt 0:00:00]} 3. e5 {[%emt 0:00:01]} Bf5 {[%emt 0:00:01]} 4. Nf3 {[%emt 0:00:01]} e6 {[%emt 0:00:01]} 5. Be2 {[%emt 0:00:01]} h6 {[%emt 0:00:01]} 6. O-O {[%emt 0:00:02]} Nd7 {[%emt 0:00:03]} 7. c3 {[%emt 0:00:02]} Ne7 {[%emt 0:00:01]} 8. Nbd2 {[%emt 0:00:02]} c5 {[%emt 0:00:01]} 9. dxc5 {[%emt 0:00:04]} Nxc5 {[%emt 0:00:03]} 10. Bb5+ {[%emt 0:00:06]} Nd7 {[%emt 0:00:01]} 11. Nd4 {[%emt 0:00:01]} Bg6 {[%emt 0:00:03]} 12. Re1 {[%emt 0:00:07]} a6 {[%emt 0:00:04]} 13. Ba4 {[%emt 0:00:01]} Nf5 {[%emt 0:00:05]} 14. N2f3 {[%emt 0:00:04]} Nxd4 {[%emt 0:00:04]} 15. Nxd4 {[%emt 0:00:01]} Be7 {[%emt 0:00:00]} 16. Qg4 {[%emt 0:00:01]} h5 {[%emt 0:00:07]} 17. Qg3 {[%emt 0:00:02]} Bh4 {[%emt 0:00:23]} 18. Nxe6 {[%emt 0:00:07]} Bxg3 {[%emt 0:00:02]} 19. Nxd8 {[%emt 0:00:01]} Bxf2+ {[%emt 0:00:02]} 20. Kxf2 {[%emt 0:00:04]} Kxd8 {[%emt 0:00:00]} 21. e6 {[%emt 0:00:02]} b5 {[%emt 0:00:09]} 22. Bb3 {[%emt 0:00:05]} Nc5 {[%emt 0:00:00]} 23. Bxd5 {[%emt 0:00:13]} Nd3+ {[%emt 0:00:03]} 24. Kg1 {[%emt 0:00:03]} Nxe1 {[%emt 0:00:02]} 25. Bg5+ {[%emt 0:00:05]} f6 {[%emt 0:00:02]} 26. Bxa8 {[%emt 0:00:01]} Nc2 {[%emt 0:00:02]} 27. Rd1+ {[%emt 0:00:01]} Ke7 {[%emt 0:00:00]} 28. Bb7 {[%emt 0:00:04]} fxg5 {[%emt 0:00:01]} 29. Bxa6 {[%emt 0:00:01]} Kxe6 {[%emt 0:00:03]} 30. Bxb5 {[%emt 0:00:01]} Rb8 {[%emt 0:00:00]} 31. a4 {[%emt 0:00:01]} Be4 {[%emt 0:00:02]} 32. b4 {[%emt 0:00:02]} Ke5 {[%emt 0:00:01]} 33. Rd7 {[%emt 0:00:01]} Bf5 {[%emt 0:00:02]} 34. Rxg7 {[%emt 0:00:01]} Kf6 {[%emt 0:00:01]} 35. Rc7 {[%emt 0:00:02]} Rd8 {[%emt 0:00:01]} 36. h3 {[%emt 0:00:02]} Rd1+ {[%emt 0:00:01]} 37. Kf2 {[%emt 0:00:00]} Rd2+ {[%emt 0:00:01]} 38. Kg1 {[%emt 0:00:01]} Ne3 {[%emt 0:00:00]} 39. Bc6 {[%emt 0:00:02]} g4 {[%emt 0:00:02]} 40. hxg4 {[%emt 0:00:00]} hxg4 {[%emt 0:00:00]} 41. Kh2 {[%emt 0:00:00]} Nf1+ {[%emt 0:00:02]} 42. Kg1 {[%emt 0:00:01]} Ne3 {[%emt 0:00:00]} 43. g3 {[%emt 0:00:00]} Bd3 {[%emt 0:00:02]} 44. b5 {[%emt 0:00:01]} Nf5 {[%emt 0:00:01]} 45. b6 {[%emt 0:00:01]} Rb2 {[%emt 0:00:01]} 46. b7 {[%emt 0:00:01]} Ba6 {[%emt 0:00:01]} 47. Bb5 {[%emt 0:00:02]} Bxb7 {[%emt 0:00:02]} 48. Rxb7 {[%emt 0:00:00]} Nxg3 {[%emt 0:00:00]} 49. a5 {[%emt 0:00:00]} Ra2 {[%emt 0:00:01]} 50. a6 {[%emt 0:00:02]} Nf5 {[%emt 0:00:01]} 51. a7 {[%emt 0:00:02]} Nh4 {[%emt 0:00:00]} 52. Bc6 {[%emt 0:00:01]} Nf3+ {[%emt 0:00:02]} 53. Kf1 {[%emt 0:00:00]} Ke5 {[%emt 0:00:03]} 54. Rf7 {[%emt 0:00:02]} Nd2+ {[%emt 0:00:01]} 55. Ke1 {[%emt 0:00:01]} Nf3+ {[%emt 0:00:01]} 56. Rxf3 {[%emt 0:00:01]} gxf3 {[%emt 0:00:01]} 57. a8=Q {[%emt 0:00:00]} Rxa8 {[%emt 0:00:01]} 58. Bxa8 {[%emt 0:00:00]} Kd6 {[%emt 0:00:01]} 59. Bxf3 {[%emt 0:00:02]} Kc5 {[%emt 0:00:00]} 60. Kd2 {[%emt 0:00:00]} Kc4 {[%emt 0:00:01]} 61. Kc2 {[%emt 0:00:00]} Kc5 {[%emt 0:00:00]} 62. Kd3 {[%emt 0:00:00]} Kb5 {[%emt 0:00:00]} 63. Kd4 {[%emt 0:00:01]} Kb6 {[%emt 0:00:01]} 64. c4 {[%emt 0:00:00]} Kc7 {[%emt 0:00:00]} 65. c5 {[%emt 0:00:00]} Kd7 {[%emt 0:00:00]} 66. Kd5 {[%emt 0:00:01]} Kc7 {[%emt 0:00:00]} 67. c6 {[%emt 0:00:00]} 1-0

[Event "Speed Chess Championship 2020"]
[Site "Online"]
[Date "2020.11.15"]
[Round "1.25"]
[White "Duda, Jan-Krzysztof"]
[Black "Caruana, Fabiano"]
[Result "1-0"]
[WhiteElo "2743"]
[BlackElo "2823"]
[Annotator "ChessBase"]
[PlyCount "103"]
[EventDate "2020.10.31"]
[EventType "k.o."]
[EventCountry "NET"]
[SourceTitle "playchess.com"]
[Source "ChessBase"]
[SourceQuality "1"]
[TimeControl "60+1"]

1. d4 {[%emt 0:00:01]} Nf6 {[%emt 0:00:01]} 2. c4 {[%emt 0:00:00]} e6 {[%emt 0:00:00]} 3. Nc3 {[%emt 0:00:00]} Bb4 {[%emt 0:00:01]} 4. e3 {[%emt 0:00:01]} O-O {[%emt 0:00:02]} 5. Bd3 {[%emt 0:00:00]} c5 {[%emt 0:00:00]} 6. Nf3 {[%emt 0:00:01]} d5 {[%emt 0:00:01]} 7. cxd5 {[%emt 0:00:01]} exd5 {[%emt 0:00:01]} 8. dxc5 {[%emt 0:00:00]} Nbd7 {[%emt 0:00:01]} 9. Be2 {[%emt 0:00:02]} Bxc3+ {[%emt 0:00:01]} 10. Bd2 {[%emt 0:00:01]} Nxc5 {[%emt 0:00:00]} 11. Bxc3 {[%emt 0:00:01]} Nce4 {[%emt 0:00:04]} 12. Bd4 {[%emt 0:00:01]} Be6 {[%emt 0:00:01]} 13. O-O {[%emt 0:00:02]} Qe7 {[%emt 0:00:02]} 14. h3 {[%emt 0:00:06]} Rfc8 {[%emt 0:00:03]} 15. Qb3 {[%emt 0:00:01]} Nc5 {[%emt 0:00:01]} 16. Qa3 {[%emt 0:00:02]} b6 {[%emt 0:00:01]} 17. Rfc1 {[%emt 0:00:01]} Nfe4 {[%emt 0:00:01]} 18. b4 {[%emt 0:00:05]} Nd7 {[%emt 0:00:02]} 19. Qb2 {[%emt 0:00:01]} Ndf6 {[%emt 0:00:02]} 20. Ba6 {[%emt 0:00:01]} Rxc1+ {[%emt 0:00:02]} 21. Rxc1 {[%emt 0:00:00]} Nd6 {[%emt 0:00:01]} 22. Bxf6 {[%emt 0:00:03]} gxf6 {[%emt 0:00:03]} 23. Nd4 {[%emt 0:00:01]} Nc4 {[%emt 0:00:08]} 24. Qe2 {[%emt 0:00:06]} Ne5 {[%emt 0:00:10]} 25. a3 {[%emt 0:00:02]} Kh8 {[%emt 0:00:01]} 26. Qh5 {[%emt 0:00:02]} Rg8 {[%emt 0:00:02]} 27. Bf1 {[%emt 0:00:10]} Bd7 {[%emt 0:00:04]} 28. Rc3 {[%emt 0:00:06]} Qd6 {[%emt 0:00:03]} 29. f4 {[%emt 0:00:06]} Nc6 {[%emt 0:00:04]} 30. Bd3 {[%emt 0:00:01]} Rg7 {[%emt 0:00:02]} 31. Nf5 {[%emt 0:00:13]} Bxf5 {[%emt 0:00:02]} 32. Bxf5 {[%emt 0:00:01]} d4 {[%emt 0:00:03]} 33. Rd3 {[%emt 0:00:00]} Qd5 {[%emt 0:00:03]} 34. e4 {[%emt 0:00:05]} Qc4 {[%emt 0:00:01]} 35. Qd1 {[%emt 0:00:02]} Rg8 {[%emt 0:00:09]} 36. Kh2 {[%emt 0:00:01]} Rg7 {[%emt 0:00:03]} 37. Qd2 {[%emt 0:00:02]} b5 {[%emt 0:00:01]} 38. Bd7 {[%emt 0:00:01]} Rg8 {[%emt 0:00:05]} 39. Bxc6 {[%emt 0:00:01]} Qxc6 {[%emt 0:00:00]} 40. Rxd4 {[%emt 0:00:00]} Qc7 {[%emt 0:00:01]} 41. Rd6 {[%emt 0:00:00]} Qe7 {[%emt 0:00:00]} 42. Qd4 {[%emt 0:00:01]} Kg7 {[%emt 0:00:01]} 43. g4 {[%emt 0:00:03]} Rc8 {[%emt 0:00:01]} 44. g5 {[%emt 0:00:00]} Kg8 {[%emt 0:00:02]} 45. gxf6 {[%emt 0:00:01]} Qf8 {[%emt 0:00:03]} 46. Kg3 {[%emt 0:00:05]} Kh8 {[%emt 0:00:01]} 47. Qe5 {[%emt 0:00:01]} Re8 {[%emt 0:00:04]} 48. Qd5 {[%emt 0:00:02]} Qg8+ {[%emt 0:00:01]} 49. Qg5 {[%emt 0:00:00]} Qf8 {[%emt 0:00:02]} 50. e5 {[%emt 0:00:01]} Rc8 {[%emt 0:00:01]} 51. Kh4 {[%emt 0:00:01]} Qe8 {[%emt 0:00:01]} 52. Qg7# {[%emt 0:00:01]} 1-0

[Event "Speed Chess Championship 2020"]
[Site "Online"]
[Date "2020.11.12"]
[Round "1.25"]
[White "Nakamura, Hikaru"]
[Black "Martirosyan, Haik M."]
[Result "1-0"]
[WhiteElo "2736"]
[BlackElo "2622"]
[Annotator "TA"]
[PlyCount "65"]
[EventDate "2020.10.31"]
[EventType "k.o."]
[SourceTitle "playchess.com"]
[Source "ChessBase"]
[SourceQuality "1"]

{[%evp 9,65,-6,10,4,22,21,20,13,22,18,18,8,14,6,11,13,6,10,18,0,18,3,15,12,24,0,0,0,0,-10,30,28,79,51,45,25,182,182,177,167,286,284,284,202,203,201,206,199,370,366,378,380,364,372,362,355,696,698]} 1. b3 Nf6 2. Bb2 d5 3. e3 Bf5 4. Nf3 e6 5. d4 h6 6. Bd3 {D04: Colle System.} Bxd3 7. Qxd3 Nbd7 8. O-O {The position is equal.} Be7 9. Nbd2 O-O 10. e4 dxe4 11. Nxe4 Nxe4 12. Qxe4 c6 13. c4 a5 {[#]} 14. a3 $146 ({Predecessor:} 14. Rad1 Bf6 15. Ba3 Re8 16. Ne5 Qc7 17. f4 a4 18. Rf3 axb3 19. Rxb3 Nxe5 20. fxe5 {0-1 (43) Oganian,M (2423)-Geller,J (2518) St Petersburg 2018}) 14... Bd6 15. Rfe1 Re8 16. Rad1 Qe7 17. d5 cxd5 18. cxd5 e5 $1 19. Nh4 Qf6 20. Nf5 Nc5 (20... Bf8 $11) 21. Qg4 {f4! is the strong threat.} h5 22. Qf3 Qg6 $2 {This costs Black the game.} (22... g6 $11 23. Nxd6 Qxd6) 23. Nxd6 $18 {[%mdl 64] Overworked Piece} Qxd6 24. Qxh5 f6 {[#]} (24... Nd7 {might work better.} 25. Re3 Qg6 26. Qxg6 fxg6) 25. Re3 $1 e4 26. Rg3 {aiming for Qg6.} Nd3 27. Qg6 {[%csl Gg3][%cal Rg6g7]} Re7 28. Bxf6 $1 $40 {[%mdl 192] Double Attack. White wants a kill.} Nf4 $2 (28... Rf7 {was worth a try.}) 29. Bxe7 {[%csl Gg3][%cal Rg6g7] [#]} Qxg6 30. Rxg6 Nxg6 31. Bg5 Ne5 32. d6 Rc8 $2 (32... Nd7 33. Rd4 Kf7 34. Rxe4 Re8) 33. d7 {Weighted Error Value: White=0.11/Black=0.40} 1-0

[Event "Speed Chess Championship 2020"]
[Site "Online"]
[Date "2020.11.16"]
[Round "1.25"]
[White "Artemiev, Vladislav"]
[Black "Giri, Anish"]
[Result "1-0"]
[WhiteElo "2708"]
[BlackElo "2764"]
[Annotator "ChessBase"]
[PlyCount "107"]
[EventDate "2020.10.31"]
[EventType "k.o."]
[EventCountry "NET"]
[SourceTitle "playchess.com"]
[Source "ChessBase"]
[SourceQuality "1"]
[TimeControl "60+1"]

1. d4 {[%emt 0:00:01]} Nf6 {[%emt 0:00:01]} 2. c4 {[%emt 0:00:00]} g6 {[%emt 0:00:00]} 3. g3 {[%emt 0:00:01]} Bg7 {[%emt 0:00:00]} 4. Bg2 {[%emt 0:00:01]} O-O {[%emt 0:00:01]} 5. Nc3 {[%emt 0:00:01]} d6 {[%emt 0:00:00]} 6. Nf3 {[%emt 0:00:00]} a5 {[%emt 0:00:01]} 7. O-O {[%emt 0:00:02]} Bf5 {[%emt 0:00:00]} 8. Nh4 {[%emt 0:00:02]} Bc8 {[%emt 0:00:01]} 9. b3 {[%emt 0:00:01]} Nc6 {[%emt 0:00:04]} 10. Bb2 {[%emt 0:00:01]} e5 {[%emt 0:00:02]} 11. dxe5 {[%emt 0:00:06]} Nxe5 {[%emt 0:00:01]} 12. Nf3 {[%emt 0:00:03]} Nfd7 {[%emt 0:00:03]} 13. Qd2 {[%emt 0:00:05]} a4 {[%emt 0:00:03]} 14. Nb5 {[%emt 0:00:03]} axb3 {[%emt 0:00:09]} 15. axb3 {[%emt 0:00:01]} Rxa1 {[%emt 0:00:00]} 16. Bxa1 {[%emt 0:00:01]} Nxf3+ {[%emt 0:00:01]} 17. Bxf3 {[%emt 0:00:02]} Ne5 {[%emt 0:00:01]} 18. Bg2 {[%emt 0:00:01]} Re8 {[%emt 0:00:02]} 19. Rd1 {[%emt 0:00:02]} b6 {[%emt 0:00:01]} 20. Nc3 {[%emt 0:00:03]} Bd7 {[%emt 0:00:02]} 21. h3 {[%emt 0:00:02]} h5 {[%emt 0:00:03]} 22. f4 {[%emt 0:00:03]} Nc6 {[%emt 0:00:02]} 23. Nd5 {[%emt 0:00:00]} Be6 {[%emt 0:00:03]} 24. Bxg7 {[%emt 0:00:02]} Kxg7 {[%emt 0:00:00]} 25. Qc3+ {[%emt 0:00:02]} f6 {[%emt 0:00:02]} 26. Nxf6 {[%emt 0:00:06]} Qxf6 {[%emt 0:00:02]} 27. Qxf6+ {[%emt 0:00:01]} Kxf6 {[%emt 0:00:00]} 28. Bxc6 {[%emt 0:00:00]} Re7 {[%emt 0:00:00]} 29. Bg2 {[%emt 0:00:05]} Bf5 {[%emt 0:00:01]} 30. Kf2 {[%emt 0:00:12]} Bc2 {[%emt 0:00:01]} 31. Rc1 {[%emt 0:00:01]} Bxb3 {[%emt 0:00:00]} 32. g4 {[%emt 0:00:01]} hxg4 {[%emt 0:00:02]} 33. hxg4 {[%emt 0:00:00]} Ba4 {[%emt 0:00:00]} 34. g5+ {[%emt 0:00:01]} Kg7 {[%emt 0:00:01]} 35. e4 {[%emt 0:00:01]} Bc6 {[%emt 0:00:01]} 36. Ke3 {[%emt 0:00:01]} b5 {[%emt 0:00:03]} 37. cxb5 {[%emt 0:00:01]} Bxb5 {[%emt 0:00:02]} 38. Kf2 {[%emt 0:00:04]} Ba6 {[%emt 0:00:02]} 39. f5 {[%emt 0:00:01]} gxf5 {[%emt 0:00:06]} 40. exf5 {[%emt 0:00:00]} Re5 {[%emt 0:00:01]} 41. Rxc7+ {[%emt 0:00:02]} Kf8 {[%emt 0:00:00]} 42. Bh3 {[%emt 0:00:02]} Bd3 {[%emt 0:00:03]} 43. Rc8+ {[%emt 0:00:01]} Kf7 {[%emt 0:00:02]} 44. g6+ {[%emt 0:00:01]} Kg7 {[%emt 0:00:14]} 45. Rc7+ {[%emt 0:00:00]} Kg8 {[%emt 0:00:02]} 46. f6 {[%emt 0:00:01]} Bxg6 {[%emt 0:00:05]} 47. Rg7+ {[%emt 0:00:01]} Kf8 {[%emt 0:00:00]} 48. Rxg6 {[%emt 0:00:01]} Kf7 {[%emt 0:00:02]} 49. Rh6 {[%emt 0:00:00]} Rg5 {[%emt 0:00:00]} 50. Bd7 {[%emt 0:00:03]} d5 {[%emt 0:00:07]} 51. Kf3 {[%emt 0:00:02]} d4 {[%emt 0:00:01]} 52. Kf4 {[%emt 0:00:00]} Rg1 {[%emt 0:00:01]} 53. Bb5 {[%emt 0:00:06]} Re1 {[%emt 0:00:03]} 54. Bc4+ {[%emt 0:00:01]} 1-0